000 00320nam a22001457a 4500
003 SGT
020 _a9788119613816
082 _a614.1
_bRED
100 _aREDDY, Dr .N.S
245 _aFORENSIC MEDICINE & TOXICOLOGY QUIZ BOOK
260 _aINDIA
_bIP PUB
_c2024
300 _a139
650 _aSCIENCE
942 _2ddc
_cBK
999 _c33263
_d33263